| 000 | 00586nam a22002177a 4500 | ||
|---|---|---|---|
| 003 | SISC | ||
| 005 | 20190620132106.0 | ||
| 008 | 130122t xxu||||| |||| 00| 0 eng d | ||
| 020 | _a9812448802 | ||
| 050 |
_aQA 154.3 _b.L693 2005 |
||
| 082 |
_aHS 512.9 _bL61 2004 |
||
| 100 |
_aLial, Margaret _911673 |
||
| 245 |
_aAlgebra / _cMargaret L. Lial, John Hornsby, Terry McGinnis. |
||
| 250 | _a9th ed. | ||
| 260 |
_aBoston : _b Addison-Wesley, _cc2012. |
||
| 300 |
_a800 p. : _bill. ; _c29 cm. |
||
| 650 |
_aAlgebra. _911545 |
||
| 942 |
_2lcc _cBK |
||
| 999 |
_c8887 _d8887 |
||